• 首页
  • 本馆介绍
  • 公告通知
  • 最新文献
  • 馆藏检索
  • 电子资源
  • 读者导购
  • 参考咨询
  • 我的图书馆
  • 登录
  • 详细信息显示
  • 放入我的书架
  • 预约/预借图书
  • 作者相关作品
  • 分类相关作品
  • 丛书相关作品
  • 出版社相关作品

书目信息

  • 表格格式
  • 工作单格式
  • 卡片格式
题名:
幼儿心理知识
    
 
作者: 石欣荣 著
分册:  
出版信息: 北京   中国广播电视出版社  1986
页数: 261页
开本: 19cm
丛书名:
单 册:
中图分类: B844.12 , B84
科图分类:
主题词: 婴幼儿心理学 , 心理学
电子资源:
ISBN:
000 00684nam0 2200277 45
001 1232358422
005 20120929090108.70
010    @dCNY1.40
091    @aCN@b7236.054
100    @a19900802d1986 em y0chiy0121 ea
101 0  @achi
102    @aCN@b110000
105    @ay z 000yy
200 10 @a幼儿心理知识@Ayou er xin li zhi shi@f石欣荣著
210    @a北京@c中国广播电视出版社@d1986
215    @a261页@d19cm
300    @a幼儿教育系列讲座(二)
606 0  @a婴幼儿心理学
606 0  @a心理学
610 0  @a心理学
690    @aB844.12@v3
690    @aB84@v4
701  0 @a石欣荣@Ashi xin rong@4著
801  0 @aCN@bTSSF
801  2 @aCN@bNLC
905    @a10447@dB84@eJY74
    
    幼儿心理知识/石欣荣著.-北京:中国广播电视出版社,1986
    261页;19cm
    幼儿教育系列讲座(二)
    
    ISBN :CNY1.40
    
●
相关链接 在E读中查询图书 在五车中查询图书 在当当中查询图书 在豆瓣中查询图书


正题名:幼儿心理知识     索取号:B84/JY74         预约/预借

序号 登录号 条形码 馆藏地/架位号 状态 备注
1 7830239   278302392   学院路分馆/ [索取号:B84/JY74] 在馆    
2 7830240   278302409   学院路分馆/ [索取号:B84/JY74] 在馆    
3 7830241   278302418   学院路分馆/ [索取号:B84/JY74] 在馆    
4 7830242   278302427   学院路分馆/ [索取号:B84/JY74] 在馆    
唐山师范学院图书馆 欢迎您!
大连网信软件有限公司© 版权所有